000 00780cab a2200205 4500
001 ABS38175
008 090401t1987 xxu||||| |||| 00| 0 eng d
035 _a(Sirsi) u9019
041 _aeng
100 _aBenischke, C.
245 _aSecuritising bricks and mortar
260 _c1987
350 _a0
490 _aMoney Management
_vSeptember 1987, 93-100(6)
520 _aA recent newcomer on the British residential mortgage market is securitisation , established in the USA since the mid 1970s and posing a long term threat to the building societies . This article investigates the securitisation market and examines implications for the future of house buying.
650 _aSECONDARY MORTGAGE MARKET
690 _aHOUSING-FINANCE
942 _n0
948 _c04/03/1997
999 _c5590
_d5590